| 000 | 00971nam a2200253 i 4500 | ||
|---|---|---|---|
| 001 | 158835 | ||
| 003 | ES-MaACL | ||
| 005 | 20251002203457.0 | ||
| 008 | 040906s1851 fr |||| | fre d | ||
| 040 |
_aCAM _bspa _cCAM |
||
| 080 | _a821.111-31"18" | ||
| 100 | 1 |
_aMarryat, Frederick. _9188175 |
|
| 245 | 1 | 2 |
_aL'aspirant de marine / _cpar le capitaine Marryat ; traduction de la Bédollière. |
| 250 |
_aEd. ill. de 25 vign. _bpar Bertall. |
||
| 260 |
_aParis : _bpublié par Gustave Barba, _c[s.a.] ( _ftypographie Plon frères) |
||
| 300 |
_a64 p. : _bil. ; _c31 cm. |
||
| 490 | 1 |
_aRomans populaires illustrés ; _v11 |
|
| 596 | _aEl catálogo de la BNF lo supone editado en [1851] | ||
| 700 | 1 |
_aLa Bédollière, Émile de, _d1812-1883 _9152767 |
|
| 700 | 0 |
_aBertall, _d1820-1882 _9152766 |
|
| 830 | 0 |
_aRomans populaires illustrés ; _v11 _9182208 |
|
| 852 |
_aES-MaACL _jR-1708(3) _z-- Enc. hol. en un vol. facticio |
||
| 999 |
_c158835 _d158835 |
||